Más allá de este mundo: paraísos, purgatorios e infiernos, un viaje a través de las culturas religiosas /

"Este libro conduce al lector hacia un viaje fantástico a través de una amplia gama de culturas y de tradiciones, con el fin de examinar el fenómeno de la experiencias del éxtasis visionario, desde los sumerios y los taoístas hasta las imaginativas ficciones de Jorge Luis Borges. El autor ofrece así...

Disgrifiad llawn

Wedi'i Gadw mewn:
Manylion Llyfryddiaeth
Prif Awdur: Couliano, Ioan P. (autor)
Fformat: Llyfr
Iaith:Sbaeneg
Cyfres:(Orientalia ; 38)
Pynciau:
Tagiau: Ychwanegu Tag

MARC

LEADER 00000nam^a2200000^a^4500
001 000039904
005 20250521000000.0
009 20260310085600.621
020 |a 84-7509-953-X 
037 |a Acervo ITESO - Biblioteca 
041 |a ESP 
082 |a 291. 23  |b COU 
100 |a Couliano, Ioan P.  |e (autor) 
245 1 0 |a Más allá de este mundo: paraísos, purgatorios e infiernos, un viaje a través de las culturas religiosas /  |c I. P. Couliano; tr. por: Irene Saslavsky Niedermann. 
264 |a Barcelona, España :  |b Paidós,  |c 1993 
300 |a 259 p. 
336 |a texto  |b txt  |2 rdacontenido 
337 |a sin mediación  |b n  |2 rdamedio 
338 |a volumen  |b nc  |2 rdasoporte 
440 1 |a (Orientalia ;  |v 38) 
500 |a Traducción de: Out of this world 
520 |a "Este libro conduce al lector hacia un viaje fantástico a través de una amplia gama de culturas y de tradiciones, con el fin de examinar el fenómeno de la experiencias del éxtasis visionario, desde los sumerios y los taoístas hasta las imaginativas ficciones de Jorge Luis Borges. El autor ofrece así un amplio recorrido por los viajes ultramundanos, que acaba ilustrando con todo lujo de detalles la relación existente entre chamanes, magos o brujas, y fenómenos modernos tales como los estados de conciencia, las experiencias de cuasimuerte." (De la contraportada). 
649 |a XX 
650 |a Religión Comparada 
650 |a Escatología (Filosofía) 
650 |a Infierno 
650 |a Purgatorio 
650 |a Resurrección 
650 |a Cielo 
910 |a Fondo General 
920 |a Impresos - Libros 
930 |a Colección General 
905 |a 101 
901 |a 0399040100  |b IT1  |c ACC  |i 039904  |u 20250521 
902 |a https://opac.biblio.iteso.mx/vufind/Record/000039904